[Event "POL-ChT3"]
[Site "Lazy POL"]
[Date "2012.09.06"]
[Round "6"]
[White "Musialkiewicz, Jan"]
[Black "Bielinski, Dariusz"]
[Result "1-0"]
[WhiteElo "2224"]
[BlackElo "2215"]
[EventDate "2012.09.01"]
[PlyCount "93"]

1.e4 c5 2.Nf3 e6 3.c4 a6 4.Nc3 Qc7 5.Be2 Nf6 6.O-O b6 7.Re1 Bb7 8.Bf1 d6 
9.d4 cxd4 10.Nxd4 Be7 11.f3 O-O 12.Be3 Nc6 13.Rc1 Ne5 14.Qd2 Rfe8 15.Kh1 
Rac8 16.Na4 Nfd7 17.Qf2 Nc5 18.Qc2 h5 19.b4 Nxa4 20.Qxa4 h4 21.h3 Nd7 22.
Qd1 Nf6 23.a3 Nh5 24.Qd2 Ng3+ 25.Kg1 Nxf1 26.Rxf1 Qd8 27.Rfd1 g6 28.Qf2 
Ba8 29.Nb3 Rb8 30.c5 bxc5 31.Bxc5 d5 32.Bxe7 Qxe7 33.e5 Rec8 34.Nc5 a5 35.
Rd4 axb4 36.axb4 Bc6 37.Rxh4 Bb5 38.Qd4 Bc4 39.Qf4 Rxc5 40.bxc5 Qxc5+ 41.
Kh2 Qf8 42.Ra1 Qg7 43.Qg5 Rf8 44.Ra7 Rb8 45.Rd7 Rf8 46.Rd8 Bb5 47.Qe7 1-0

[Event "POL-ChT3"]
[Site "Lazy POL"]
[Date "2012.09.06"]
[Round "6"]
[White "Sroka, Janusz"]
[Black "Bardeli, Lukasz"]
[Result "0-1"]
[WhiteElo "2109"]
[BlackElo "2287"]
[EventDate "2012.09.01"]
[PlyCount "68"]

1.e4 e6 2.d4 d5 3.e5 c5 4.c3 Nc6 5.Nf3 Qb6 6.a3 c4 7.g3 Bd7 8.Bg2 Na5 9.
Nbd2 Be7 10.h4 O-O-O 11.Rb1 h5 12.Ng5 Rf8 13.Bf3 f6 14.exf6 gxf6 15.Nh3 
Bd6 16.Nf1 Ne7 17.Ne3 Be8 18.Nc2 e5 19.Be3 e4 20.Be2 Ba4 21.Bf4 Ng6 22.
Bxd6 Qxd6 23.Qd2 Bxc2 24.Qxc2 f5 25.Qd1 f4 26.Bxh5 f3 27.Bxg6 Qxg6 28.Qc2 
Qg4 29.Qd2 e3 30.fxe3 f2+ 31.Nxf2 Qxg3 32.Qe2 Rhg8 33.Rd1 Rf3 34.Rh3 Qg1+ 
0-1

[Event "POL-ChT3"]
[Site "Lazy POL"]
[Date "2012.09.06"]
[Round "6"]
[White "Banach, Wieslaw"]
[Black "Kielbratowski, Aleksander"]
[Result "0-1"]
[WhiteElo "2086"]
[BlackElo "2096"]
[EventDate "2012.09.01"]
[PlyCount "146"]

1.e4 e5 2.Nf3 d6 3.d4 exd4 4.Nxd4 Nf6 5.Nc3 Nbd7 6.Be2 Be7 7.f4 c6 8.Be3 
Nc5 9.Bf3 Qc7 10.b4 Ne6 11.Nf5 Bf8 12.O-O g6 13.Ng3 Bg7 14.f5 Nd8 15.Qd2 
O-O 16.Rad1 Ne8 17.Kh1 f6 18.Be2 b5 19.Nxb5 cxb5 20.Qd5+ Kh8 21.Qxa8 Nc6 
22.Bb6 axb6 23.Bxb5 Bb7 24.Qa4 Qc8 25.Rf2 Bh6 26.Bxc6 Bxc6 27.b5 Bb7 28.
Qd4 Qd8 29.Rd3 Rf7 30.c4 Re7 31.fxg6 hxg6 32.a4 Re5 33.Ra2 Qc7 34.Re2 Bf4 
35.Rf3 Bh6 36.Nf1 Bg7 37.Nd2 f5 38.Qf2 Nf6 39.Re1 Kg8 40.Rg3 Ng4 41.Qf1 
Qe7 42.Nf3 Rxe4 43.h3 Be5 44.Rxe4 Bxe4 45.Qe1 Bxg3 46.Qxg3 Ne5 47.Nxe5 
Qxe5 48.Qxg6+ Kf8 49.h4 f4 50.Qg4 Qf6 51.Qc8+ Kg7 52.Qc7+ Kh8 53.Qc8+ Kh7 
54.Qd7+ Qg7 55.Qh3 Qf7 56.Qg4 Qf5 57.Qxf5+ Bxf5 58.Kg1 Be4 59.Kf2 Kg6 60.
g4 fxg3+ 61.Kxg3 Bd3 62.Kf4 Bxc4 63.Ke4 Be6 64.Kd4 Kh5 65.Kc3 Kxh4 66.Kb4 
Kg4 67.a5 bxa5+ 68.Kxa5 Kf4 69.Kb6 d5 70.Kc6 d4 71.b6 Bc8 72.Kc7 Ba6 73.
Kb8 Be2 0-1

[Event "POL-ChT3"]
[Site "Lazy POL"]
[Date "2012.09.06"]
[Round "6"]
[White "Szylko, Waldemar"]
[Black "Nowak, Rafal"]
[Result "0-1"]
[WhiteElo "2023"]
[BlackElo "2054"]
[EventDate "2012.09.01"]
[PlyCount "90"]

1.e4 c5 2.Nc3 e6 3.g3 Nc6 4.Bg2 a6 5.d3 Nf6 6.h3 Be7 7.f4 d5 8.e5 Nd7 9.
Nf3 Qc7 10.O-O f6 11.f5 Ndxe5 12.Nxe5 Nxe5 13.fxe6 Bxe6 14.Nxd5 Bxd5 15.
Bxd5 O-O-O 16.Bg2 g5 17.Qe2 Kb8 18.Bd2 Rhf8 19.Rae1 Bd6 20.Bc3 Nd7 21.g4 
Bg3 22.Rd1 Bf4 23.Qf3 Be5 24.Rde1 Rde8 25.Re4 h5 26.a3 hxg4 27.hxg4 Bh2+ 
28.Kf2 Ne5 29.Qf5 Nxd3+ 30.cxd3 Qg3+ 31.Ke2 Qxg2+ 32.Rf2 Qh1 33.Rf1 Qg2+ 
34.Rf2 Qg3 35.Rf3 Qd6 36.b4 Rxe4+ 37.Qxe4 Qd7 38.Kd2 Re8 39.Qc4 cxb4 40.
axb4 Qe7 41.d4 Bf4+ 42.Kc2 Rc8 43.Qd3 Qxb4 44.Rf1 Qa4+ 45.Kb2 Rc6 0-1

[Event "POL-ChT3"]
[Site "Lazy POL"]
[Date "2012.09.06"]
[Round "6"]
[White "Kujawski, Jan"]
[Black "Kielek, Andrzej"]
[Result "1/2-1/2"]
[WhiteElo "2106"]
[BlackElo "1972"]
[EventDate "2012.09.01"]
[PlyCount "120"]

1.e4 c5 2.Nc3 Nc6 3.g3 g6 4.Bg2 Bg7 5.Nge2 d6 6.O-O e6 7.h3 Nge7 8.d3 O-O 
9.Be3 Rb8 10.a4 a6 11.Qd2 Nd4 12.Rab1 Nec6 13.Nd1 b5 14.axb5 axb5 15.c3 
Nxe2+ 16.Qxe2 b4 17.c4 Bb7 18.f4 Nd4 19.Bxd4 Bxd4+ 20.Kh2 Ra8 21.Ne3 Ra2 
22.Ng4 h5 23.Nf2 Qe7 24.h4 Rfa8 25.Rfd1 Qd8 26.Nh3 Qf8 27.Rd2 Ra1 28.Qd1 
Rxb1 29.Qxb1 Ra7 30.Ng5 Qa8 31.Qd1 Ra1 32.Qe2 Bc6 33.g4 hxg4 34.Qxg4 Qf8 
35.f5 Be5+ 36.Kh3 exf5 37.exf5 Bd7 38.Rf2 Qc8 39.Be4 Bxf5 40.Bxf5 Rh1+ 41.
Kg2 Rh2+ 42.Kf1 Rxf2+ 43.Kxf2 Qxf5+ 44.Qxf5 gxf5 45.b3 Kg7 46.Kg2 Kg6 47.
Kh3 Bf4 48.Nf3 Kh5 49.d4 Be3 50.dxc5 dxc5 51.Ne5 Bf2 52.Nxf7 Bxh4 53.Ne5 
Bf2 54.Nd3 Be3 55.Kg3 Kg5 56.Kf3 Bd4 57.Nf4 Kf6 58.Nd3 Bg1 59.Kf4 Ke6 60.
Kf3 Kf6 1/2-1/2

[Event "POL-ChT3"]
[Site "Lazy POL"]
[Date "2012.09.06"]
[Round "6"]
[White "Dziopa, Malgorzata"]
[Black "Golek, Jagoda"]
[Result "0-1"]
[WhiteElo "1792"]
[BlackElo "2061"]
[EventDate "2012.09.01"]
[PlyCount "62"]

1.d4 Nf6 2.c4 c6 3.Nc3 d5 4.cxd5 cxd5 5.Bg5 e6 6.Nf3 a6 7.e3 Bd6 8.Bd3 
Nbd7 9.O-O b5 10.Rc1 Bb7 11.Qb3 O-O 12.Ne2 h6 13.Bh4 Nb6 14.Nd2 Be7 15.Bg3
Bd6 16.f3 Bxg3 17.Nxg3 Qd7 18.Qb4 Nc4 19.Rfe1 Rfc8 20.Bxc4 dxc4 21.a4 Bc6 
22.axb5 axb5 23.Ra1 Rxa1 24.Rxa1 Nd5 25.Qc5 Bb7 26.Qa7 Nxe3 27.Ra3 Nc2 28.
Rc3 Nxd4 29.Kf2 f5 30.Ne2 Nxe2 31.Kxe2 Bxf3+ 0-1

[Event "POL-ChT3"]
[Site "Lazy POL"]
[Date "2012.09.06"]
[Round "6"]
[White "Dors, Ryszard"]
[Black "Steczek, Marcin"]
[Result "0-1"]
[WhiteElo "2220"]
[BlackElo "2409"]
[EventDate "2012.09.01"]
[PlyCount "96"]

1.Nf3 d5 2.g3 c6 3.b3 Nf6 4.Bb2 Bf5 5.Bg2 Nbd7 6.d3 e6 7.Nh4 Bg4 8.h3 Bh5 
9.g4 Bg6 10.Nd2 Qc7 11.O-O Be7 12.Nxg6 hxg6 13.e3 O-O-O 14.f4 e5 15.d4 
exf4 16.exf4 Nf8 17.c4 Kb8 18.Rc1 dxc4 19.Nxc4 Nd5 20.Qf3 Ne6 21.Ne5 Bb4 
22.f5 Ng5 23.Qd3 Bd6 24.fxg6 Bxe5 25.dxe5 Nf4 26.Qe3 Ngxh3+ 27.Bxh3 Nxh3+ 
28.Kg2 Qd7 29.Kg3 Qd3 30.Rf3 Qxg6 31.Rf5 Rd5 32.Ba3 Qe6 33.Re1 g5 34.Bd6+ 
Ka8 35.Rh1 Qh6 36.Rxf7 Qh4+ 37.Kf3 a5 38.Bc5 Qh6 39.Rf6 Qh7 40.Rf5 b6 41.
Bd6 Qb7 42.Kg3 Re8 43.Rxh3 Rxd6 44.Rh8 Rxh8 45.exd6 Qh7 46.Qxg5 Qh2+ 47.
Kf3 Rh3+ 48.Ke4 Qe2+ 0-1

[Event "POL-ChT3"]
[Site "Lazy POL"]
[Date "2012.09.06"]
[Round "6"]
[White "Meczynski, Waldemar"]
[Black "Gmaj, Krzysztof"]
[Result "0-1"]
[WhiteElo "2153"]
[BlackElo "2152"]
[EventDate "2012.09.01"]
[PlyCount "66"]

1.e4 e5 2.Nf3 Nc6 3.Bb5 f5 4.d3 fxe4 5.dxe4 Nf6 6.O-O Bc5 7.Bg5 d6 8.Nc3 
O-O 9.Nd5 Kh8 10.Nxf6 gxf6 11.Bh4 Qe8 12.Bg3 Qg6 13.Re1 Bg4 14.c3 Rg8 15.
Kh1 Raf8 16.b4 Bb6 17.Nh4 Qg5 18.Be2 Be6 19.Qc1 Qg7 20.Bd3 Ne7 21.Qc2 c6 
22.f3 Qh6 23.Bf2 Rg5 24.g4 d5 25.Bxb6 axb6 26.Nf5 Bxf5 27.gxf5 Qh3 28.Qe2 
Rfg8 29.Rg1 Rg3 30.Rxg3 Rxg3 31.Rf1 dxe4 32.Bxe4 Rg5 33.Qd2 Qxf1# 0-1

[Event "POL-ChT3"]
[Site "Lazy POL"]
[Date "2012.09.06"]
[Round "6"]
[White "Morkisz, Bogdan"]
[Black "Walaszczyk, Witold"]
[Result "1-0"]
[WhiteElo "2119"]
[BlackElo "2210"]
[EventDate "2012.09.01"]
[PlyCount "61"]

1.e4 g6 2.Nc3 Bg7 3.g3 c5 4.Bg2 Nc6 5.d3 Nf6 6.h3 O-O 7.Be3 d6 8.Qd2 Nd4 
9.Nd1 e5 10.c3 Ne6 11.Bh6 b5 12.Bxg7 Kxg7 13.f4 Nh5 14.f5 Nc7 15.Ne2 Bb7 
16.Ne3 d5 17.Ng4 dxe4 18.Qh6+ Kh8 19.dxe4 Qe7 20.O-O c4 21.Rf2 Na6 22.Raf1
Kg8 23.f6 Qc5 24.Kh2 Rfe8 25.Rf5 Qf8 26.Rxh5 gxh5 27.Qxh5 Kh8 28.Nh6 Rec8 
29.Rf5 Rc7 30.Rg5 Nc5 31.Rg7 1-0

[Event "POL-ChT3"]
[Site "Lazy POL"]
[Date "2012.09.06"]
[Round "6"]
[White "Swiatnicki, Andrzej"]
[Black "Pochcial, Jan"]
[Result "0-1"]
[WhiteElo "2127"]
[BlackElo "2094"]
[EventDate "2012.09.01"]
[PlyCount "92"]

1.e4 e5 2.d4 exd4 3.Nf3 Nc6 4.c3 d3 5.Bxd3 d5 6.Qe2 Be7 7.O-O Bg4 8.Bb5 a6
9.Ba4 Nf6 10.e5 Nd7 11.Bf4 O-O 12.Nbd2 Nc5 13.Bc2 d4 14.cxd4 Nxd4 15.Qc4 
Nxc2 16.Qxc2 Qd3 17.Rfc1 Rac8 18.Be3 Qxc2 19.Rxc2 Ne6 20.a3 Bf5 21.Rc3 
Rfd8 22.h3 Rd5 23.Rac1 Rcd8 24.g4 Bg6 25.Kg2 f6 26.Rb3 Rb5 27.Rcc3 Rdd5 
28.Rxb5 axb5 29.Nh4 fxe5 30.Nxg6 hxg6 31.Ne4 Kf7 32.Rc1 c6 33.Nc3 Rd7 34.
Rd1 Rxd1 35.Nxd1 Bc5 36.Bxc5 Nxc5 37.Kf3 Ke6 38.b4 Nd7 39.Nc3 Nf6 40.Ne4 
Nxe4 41.Kxe4 b6 42.f4 exf4 43.Kxf4 c5 44.h4 Kd5 45.h5 gxh5 46.gxh5 c4 0-1

[Event "POL-ChT3"]
[Site "Lazy POL"]
[Date "2012.09.06"]
[Round "6"]
[White "Jelonek, Michal"]
[Black "Smagalski, Slawomir"]
[Result "1-0"]
[WhiteElo "2015"]
[BlackElo "2028"]
[EventDate "2012.09.01"]
[PlyCount "101"]

1.Nf3 Nf6 2.c4 e6 3.g3 b6 4.Bg2 Bb7 5.Nc3 Be7 6.O-O O-O 7.Qc2 c5 8.a3 Nc6 
9.d3 a6 10.Rb1 Qc7 11.Bf4 d6 12.Bg5 h6 13.Bxf6 Bxf6 14.b4 Nd4 15.Nxd4 cxd4
16.Bxb7 Qxb7 17.Ne4 Be7 18.Qb2 e5 19.Qb3 Rac8 20.f4 Qd7 21.f5 f6 22.c5+ 
Kh8 23.cxd6 Bxd6 24.Qd5 Rfd8 25.Rbc1 Bc7 26.Qxd7 Rxd7 27.Rc6 Rb8 28.Rfc1 
Rb7 29.Kg2 Ra7 30.Kf3 Rb7 31.a4 Bd8 32.Rc8 Kh7 33.Ra8 Ra7 34.Rcc8 Rxa8 35.
Rxa8 a5 36.bxa5 bxa5 37.Nc5 Rd5 38.Ne6 Be7 39.Ra7 Bb4 40.Rxg7+ Kh8 41.Kg4 
e4 42.dxe4 Re5 43.Ra7 Rxe4+ 44.Kh5 Bc3 45.h3 Re3 46.g4 Rxe6 47.fxe6 Kg8 
48.Kxh6 Kf8 49.h4 Ke8 50.Kg6 Kf8 51.h5 1-0

[Event "POL-ChT3"]
[Site "Lazy POL"]
[Date "2012.09.06"]
[Round "6"]
[White "Swiatnicka, Malgorzata"]
[Black "Stec, Ewa"]
[Result "1-0"]
[WhiteElo "1819"]
[BlackElo "1988"]
[EventDate "2012.09.01"]
[PlyCount "109"]

1.e4 e5 2.d4 exd4 3.Nf3 Nc6 4.c3 d3 5.Bxd3 Bc5 6.O-O d6 7.h3 Nf6 8.Bg5 h6 
9.Bh4 Be6 10.a4 a5 11.Nbd2 g5 12.Bg3 g4 13.hxg4 Nxg4 14.Nb3 Bb6 15.Nbd4 h5
16.Bh4 Qd7 17.Bb5 f6 18.Nxe6 Qxe6 19.Nd4 Qe5 20.Bg3 Qg5 21.Qf3 Ke7 22.Bxc6
Bxd4 23.Bxb7 Rab8 24.cxd4 Rxb7 25.Rac1 Rhb8 26.Qf4 Kd8 27.Rc6 Qxf4 28.Bxf4
Rxb2 29.f3 Nh6 30.Bxh6 Ra2 31.Rf2 Rb1+ 32.Rf1 Rbb2 33.Bf4 Rxg2+ 34.Kh1 
Rgb2 35.Rfc1 Rb7 36.R6c4 Rf2 37.R4c3 h4 38.R1c2 Rb1+ 39.Bc1 Rf1+ 40.Kg2 
Rd1 41.d5 Rb7 42.Kh3 Rh1+ 43.Rh2 Rxh2+ 44.Kxh2 Rb4 45.Kh3 Rxa4 46.Kxh4 f5 
47.Kg5 fxe4 48.f4 Rd4 49.f5 Rxd5 50.Kg6 Rd3 51.Rxd3 exd3 52.f6 a4 53.f7 a3
54.f8=Q+ Kd7 55.Qf5+ 1-0

[Event "POL-ChT3"]
[Site "Lazy POL"]
[Date "2012.09.06"]
[Round "6"]
[White "Paprocki, Jaroslaw"]
[Black "Kukula, Pawel"]
[Result "1/2-1/2"]
[WhiteElo "2224"]
[BlackElo "2256"]
[EventDate "2012.09.01"]
[PlyCount "103"]

1.e4 c5 2.Nf3 e6 3.d4 cxd4 4.Nxd4 Nf6 5.Nc3 Nc6 6.g3 Bc5 7.Nb3 Be7 8.Bg2 
d6 9.O-O a6 10.Be3 O-O 11.f4 Qc7 12.g4 b5 13.g5 Nd7 14.Qh5 b4 15.Na4 g6 
16.Qh3 Re8 17.Rf3 Bf8 18.Qh4 Bg7 19.Rh3 Nf8 20.e5 d5 21.Bb6 Qb8 22.Bc5 Ne7
23.Nb6 Nf5 24.Qf2 Nd7 25.Nxa8 Nxc5 26.Nxc5 Qxa8 27.Bf1 Qc6 28.Bd3 Bf8 29.
Nb3 d4 30.Re1 Bb7 31.Be4 Qc7 32.Bxb7 Qxb7 33.Qf3 Qc7 34.Qd3 Qc6 35.Nd2 Rc8
36.Ne4 Be7 37.Re2 a5 38.Nf6+ Bxf6 39.exf6 a4 40.Rf3 Ne3 41.Rfxe3 dxe3 42.
Qxe3 h5 43.Rd2 Qc4 44.b3 axb3 45.axb3 Qc6 46.Qd4 Qf3 47.Qxb4 Qg4+ 48.Kf1 
Qf3+ 49.Kg1 Qg4+ 50.Kf1 Qh3+ 51.Ke1 Qe3+ 52.Kf1 1/2-1/2

[Event "POL-ChT3"]
[Site "Lazy POL"]
[Date "2012.09.06"]
[Round "6"]
[White "Krainski, Aleksander"]
[Black "Lewandowski, Krzysztof"]
[Result "1-0"]
[WhiteElo "2244"]
[BlackElo "2136"]
[EventDate "2012.09.01"]
[PlyCount "69"]

1.Nf3 Nf6 2.g3 g6 3.Bg2 Bg7 4.O-O O-O 5.d3 d6 6.e4 e5 7.Nbd2 Nc6 8.Nc4 Be6
9.Ng5 Bd7 10.f4 exf4 11.Bxf4 h6 12.Nf3 Be6 13.Ne3 Qc8 14.h4 Bh3 15.c3 Nh5 
16.Nh2 Nxf4 17.gxf4 Bxg2 18.Kxg2 h5 19.f5 Qd8 20.Qe1 Ne5 21.Rd1 Bf6 22.Kh3
c6 23.Qg3 Kh7 24.d4 Nd7 25.Rg1 Rg8 26.Qxd6 Bxh4 27.fxg6+ fxg6 28.Rdf1 Rg7 
29.Rf7 Bf6 30.Rxg7+ Kxg7 31.e5 Bg5 32.Nf3 Nxe5 33.Nf5+ Kh8 34.Qxe5+ Bf6 
35.Qf4 1-0

[Event "POL-ChT3"]
[Site "Lazy POL"]
[Date "2012.09.06"]
[Round "6"]
[White "Lunkiewicz, Dariusz"]
[Black "Pacuszka, Tomasz"]
[Result "1/2-1/2"]
[WhiteElo "2052"]
[BlackElo "2273"]
[EventDate "2012.09.01"]
[PlyCount "108"]

1.d4 d6 2.Nf3 g6 3.Bf4 Bg7 4.Nbd2 Nd7 5.c3 e5 6.dxe5 dxe5 7.Bg3 Qe7 8.e3 
Nh6 9.h3 O-O 10.Bc4 Nf5 11.Bh2 Nb6 12.Bb3 Bd7 13.O-O Bc6 14.Qe2 Kh8 15.
Rfd1 a5 16.Bc2 Nd6 17.Bg3 h6 18.Rac1 f5 19.Ne1 Bb5 20.Bd3 Ba4 21.b3 Be8 
22.f3 h5 23.Bf2 e4 24.Bc4 Be5 25.f4 Bf6 26.g4 Qg7 27.Nb1 Nbxc4 28.bxc4 Bf7
29.c5 Nc4 30.Rd7 g5 31.Ng2 Rac8 32.Rcd1 Qg8 33.Kh1 gxf4 34.exf4 Qh7 35.Kg1
fxg4 36.Bg3 Qf5 37.Rxf7 Rxf7 38.Qxc4 Rd7 39.Rd2 e3 40.Rxd7 Qxd7 41.Nxe3 
Re8 42.Nf1 Qf5 43.Nbd2 Qe6 44.Qd3 Qe2 45.Qg6 Bxc3 46.Bf2 Re7 47.f5 Qe5 48.
Nc4 Qg7 49.Qxg7+ Kxg7 50.Nfe3 Re4 51.Kg2 Bd4 52.f6+ Kf7 53.Nf5 Re2 54.Nxd4
Rxa2 1/2-1/2

[Event "POL-ChT3"]
[Site "Lazy POL"]
[Date "2012.09.06"]
[Round "6"]
[White "Krainski, Slawomir"]
[Black "Tabaczka, Jerzy"]
[Result "0-1"]
[WhiteElo "2029"]
[BlackElo "1855"]
[EventDate "2012.09.01"]
[PlyCount "112"]

1.b3 Nf6 2.Bb2 g6 3.Bxf6 exf6 4.c4 Bg7 5.Nc3 O-O 6.g3 d6 7.Bg2 c6 8.Nh3 
Bxh3 9.Bxh3 f5 10.Bg2 Nd7 11.Rc1 Qa5 12.Qc2 Nf6 13.O-O Rac8 14.e3 Rfd8 15.
Rfd1 d5 16.d4 Bf8 17.c5 Ne4 18.Bxe4 fxe4 19.b4 Qc7 20.Qa4 a6 21.Qa5 Qd7 
22.a4 f5 23.b5 axb5 24.axb5 g5 25.bxc6 Rxc6 26.Ne2 Ra6 27.Qd2 Bh6 28.Ra1 
Rf6 29.Kh1 Rdf8 30.Rg1 Kh8 31.Nc3 f4 32.Qa2 fxg3 33.Qxd5 Qxd5 34.Nxd5 gxf2
35.Rgf1 Rf3 36.Kg2 g4 37.Rad1 Rd8 38.Nc3 Bxe3 39.Nxe4 Rxd4 40.Rxd4 Bxd4 
41.Nxf2 Rxf2+ 42.Rxf2 Bxf2 43.Kxf2 Kg7 44.Kg3 h5 45.h3 gxh3 46.Kxh3 Kg6 
47.Kh4 Kf5 48.Kxh5 Ke5 49.Kg4 Kd5 50.Kf3 Kxc5 51.Ke3 Kb4 52.Kd2 Ka3 53.Kc2
b6 54.Kc3 b5 55.Kc2 b4 56.Kb1 Kb3 0-1

[Event "POL-ChT3"]
[Site "Lazy POL"]
[Date "2012.09.06"]
[Round "6"]
[White "Marchel, Agnieszka"]
[Black "Sciborowski, Miroslaw"]
[Result "1-0"]
[WhiteElo "1995"]
[BlackElo "2063"]
[EventDate "2012.09.01"]
[PlyCount "115"]

1.d4 Nf6 2.Nf3 g6 3.Bf4 Bg7 4.Nbd2 O-O 5.e3 d6 6.Bc4 c6 7.Bb3 b5 8.a4 a5 
9.O-O Ba6 10.c4 Nbd7 11.cxb5 cxb5 12.axb5 Bxb5 13.Bc4 Bc6 14.Qe2 Nb6 15.
Bb5 Bxb5 16.Qxb5 Nbd5 17.Nc4 Rb8 18.Qxa5 Qxa5 19.Rxa5 Rfc8 20.Ra4 Nxf4 21.
exf4 Nd5 22.g3 Nb4 23.b3 Nc2 24.Na5 Rc3 25.Kg2 Bf6 26.Rd1 Nb4 27.Rd2 Nd5 
28.Ng1 Ra8 29.Ne2 Rxb3 30.Nxb3 Rxa4 31.Nbc1 g5 32.fxg5 Bxg5 33.f4 Bf6 34.
Kf3 e6 35.h4 Kg7 36.Rd3 Rc4 37.h5 Bd8 38.Nb3 f5 39.Nd2 Rc2 40.Nf1 Bb6 41.
Ne3 Nxe3 42.Rxe3 e5 43.fxe5 dxe5 44.Rxe5 Kf6 45.Rd5 Rb2 46.Rd7 Rb3+ 47.Kf4
Ba5 48.Rd6+ Ke7 49.Ra6 Bd2+ 50.Kxf5 Re3 51.Nf4 Rxg3 52.Nd5+ Kd8 53.Ke6 Kc8
54.Nf6 Kb7 55.Rd6 h6 56.Ne4 Re3 57.Kd5 Bc1 58.Rxh6 1-0

[Event "POL-ChT3"]
[Site "Lazy POL"]
[Date "2012.09.06"]
[Round "6"]
[White "Filipek, Halina"]
[Black "Lewandowska, Anika"]
[Result "1-0"]
[WhiteElo "1760"]
[BlackElo "1937"]
[EventDate "2012.09.01"]
[PlyCount "77"]

1.d4 d5 2.Nf3 e6 3.Bf4 c5 4.e3 Qb6 5.Qc1 Nc6 6.c3 Bd7 7.Nbd2 f5 8.Be2 Rc8 
9.Qb1 Nf6 10.h3 Be7 11.O-O O-O 12.Ne5 Be8 13.Nd3 Nd7 14.Nf3 h6 15.Nfe5 
Ndxe5 16.Nxe5 g5 17.Nxc6 bxc6 18.Be5 Bg6 19.Qc1 cxd4 20.exd4 c5 21.Qd2 c4 
22.f4 Kh7 23.Rf2 Qd8 24.Re1 g4 25.Qe3 g3 26.Rff1 h5 27.b3 cxb3 28.axb3 a5 
29.c4 h4 30.c5 Qd7 31.Ra1 Ra8 32.Ra2 Rfc8 33.Rfa1 Bd8 34.b4 Qb7 35.b5 Be8 
36.b6 a4 37.Bd6 Bd7 38.Qe5 Kg6 39.Qh8 1-0

[Event "POL-ChT3"]
[Site "Lazy POL"]
[Date "2012.09.06"]
[Round "6"]
[White "Plonczak, Dominik"]
[Black "Rawicz, Karol"]
[Result "1/2-1/2"]
[WhiteElo "2169"]
[BlackElo "2250"]
[EventDate "2012.09.01"]
[PlyCount "85"]

1.c4 Nf6 2.Nf3 c5 3.g3 b6 4.Bg2 Bb7 5.O-O g6 6.Nc3 Bg7 7.Re1 O-O 8.e4 Nc6 
9.Rb1 d6 10.a3 Ng4 11.d3 Nge5 12.Nxe5 Nxe5 13.Ne2 Qd7 14.b4 Rac8 15.b5 f5 
16.f4 Ng4 17.Qc2 e6 18.h3 Nf6 19.Bb2 Rce8 20.Kh2 e5 21.fxe5 dxe5 22.Nc3 f4
23.g4 h5 24.gxh5 Nxh5 25.Bf3 Bc8 26.Bg4 Qe7 27.Qf2 Bxg4 28.hxg4 Nf6 29.Qf3
Qe6 30.g5 Ng4+ 31.Kg2 Kf7 32.Nd5 Rh8 33.Rh1 Qd7 34.Bc3 Rh5 35.Rxh5 gxh5 
36.Be1 Kg6 37.Bh4 Qd6 38.a4 Ra8 39.Rh1 Qd8 40.Qh3 Qd7 41.Bg3 Ne3+ 42.Nxe3 
Qxh3+ 43.Rxh3 1/2-1/2

[Event "POL-ChT3"]
[Site "Lazy POL"]
[Date "2012.09.06"]
[Round "6"]
[White "Muc, Marcin"]
[Black "Bartkowiak, Damian"]
[Result "1-0"]
[WhiteElo "2165"]
[BlackElo "2134"]
[EventDate "2012.09.01"]
[PlyCount "73"]

1.d4 d5 2.Nf3 f5 3.c4 e6 4.Nc3 Nf6 5.Bf4 c6 6.e3 Be7 7.Bd3 b6 8.cxd5 cxd5 
9.Rc1 O-O 10.O-O a5 11.Nb5 Na6 12.Nc7 Ra7 13.Bxa6 Rxa6 14.Ne5 Bd6 15.Nxa6 
Bxa6 16.Re1 Qe8 17.Nc6 Ne4 18.f3 g5 19.fxe4 gxf4 20.exd5 f3 21.Qxf3 Bd3 
22.Ne5 Bxe5 23.dxe5 Be4 24.Qg3+ Kh8 25.Qg5 Bxd5 26.Rc7 Qg6 27.Qxg6 hxg6 
28.a3 b5 29.Rec1 a4 30.R1c5 Rd8 31.Rxb5 Be4 32.h4 Kg8 33.Rb4 Kh8 34.Kh2 g5
35.hxg5 Rg8 36.g6 Bd5 37.Rh4# 1-0

[Event "POL-ChT3"]
[Site "Lazy POL"]
[Date "2012.09.06"]
[Round "6"]
[White "Przybylski, Bartosz"]
[Black "Fistek, Dariusz"]
[Result "0-1"]
[WhiteElo "2102"]
[BlackElo "2242"]
[EventDate "2012.09.01"]
[PlyCount "64"]

1.e4 c5 2.Nf3 Nc6 3.Nc3 d6 4.Bc4 Nf6 5.O-O e6 6.d3 Be7 7.Re1 a6 8.a4 Bd7 
9.h3 O-O 10.Nh2 Nd4 11.Ne2 Nxe2+ 12.Qxe2 b5 13.axb5 axb5 14.Rxa8 Qxa8 15.
Bb3 Bc6 16.c3 c4 17.Bc2 cxd3 18.Bxd3 Qb7 19.Bd2 Ra8 20.Bb1 Ra4 21.b4 Ra3 
22.f4 d5 23.e5 Ne4 24.Bxe4 dxe4 25.Nf1 Bd8 26.Kh2 Ra2 27.Qd1 e3 28.Nxe3 
Bb6 29.Re2 Qd7 30.Qe1 Qd3 31.Ng4 Ra1 32.Qxa1 Qxe2 0-1

[Event "POL-ChT3"]
[Site "Lazy POL"]
[Date "2012.09.06"]
[Round "6"]
[White "Lusio, Daniel"]
[Black "Duszczak, Dariusz"]
[Result "1/2-1/2"]
[WhiteElo "1861"]
[BlackElo "2011"]
[EventDate "2012.09.01"]
[PlyCount "57"]

1.e4 c5 2.c3 d5 3.exd5 Qxd5 4.d4 Nc6 5.Nf3 Bg4 6.Be2 e6 7.O-O cxd4 8.cxd4 
Nf6 9.Nc3 Qd6 10.h3 Bh5 11.Be3 Be7 12.a3 Rd8 13.Qb3 Qc7 14.Rfd1 Nd5 15.
Nxd5 Rxd5 16.Rac1 O-O 17.Qc3 Rfd8 18.b4 a6 19.g4 Bg6 20.Bxa6 bxa6 21.Qxc6 
Qxc6 22.Rxc6 a5 23.Rb6 axb4 24.axb4 h5 25.Rc1 hxg4 26.hxg4 Be4 27.Nd2 Bd6 
28.Rb7 Rd7 29.Rb6 1/2-1/2

[Event "POL-ChT3"]
[Site "Lazy POL"]
[Date "2012.09.06"]
[Round "6"]
[White "Plonczak, Mateusz"]
[Black "Wozny, Tomasz"]
[Result "1/2-1/2"]
[WhiteElo "1965"]
[BlackElo "1783"]
[EventDate "2012.09.01"]
[PlyCount "88"]

1.d4 d5 2.c4 c6 3.Nf3 Nf6 4.Nc3 e6 5.e3 Bd6 6.Bd3 dxc4 7.Bxc4 Nbd7 8.O-O 
O-O 9.e4 e5 10.Bg5 Qc7 11.d5 Nb6 12.Be2 Nfd7 13.Rc1 a6 14.dxc6 bxc6 15.Qc2
h6 16.Be3 Bb7 17.Rfd1 Rfd8 18.Nh4 Bf8 19.Nf5 Nf6 20.Qb3 c5 21.f3 Rxd1+ 22.
Rxd1 Bc8 23.Ng3 Be6 24.Qc2 Kh8 25.Nf1 Bc4 26.Bxc4 Nxc4 27.Bf2 Na5 28.Nd5 
Nxd5 29.Rxd5 Rc8 30.Qc3 f6 31.Ne3 Qb6 32.b3 Nc6 33.Nf5 Qb4 34.Qd3 Qa5 35.
Qd2 Nb4 36.a4 Qb6 37.Rd7 Nc6 38.Qd5 Rc7 39.Rxc7 Qxc7 40.Bxc5 Nb4 41.Bxb4 
Qc1+ 42.Kf2 Bxb4 43.Kg3 Qg5+ 44.Kf2 Qc1 1/2-1/2

[Event "POL-ChT3"]
[Site "Lazy POL"]
[Date "2012.09.06"]
[Round "6"]
[White "Sygulska, Anna"]
[Black "Huchwajda, Katarzyna"]
[Result "1-0"]
[WhiteElo "1898"]
[BlackElo "1867"]
[EventDate "2012.09.01"]
[PlyCount "75"]

1.c4 e5 2.Nc3 Nc6 3.g3 Nf6 4.Bg2 Bc5 5.d3 h6 6.Nf3 d6 7.a3 a6 8.O-O O-O 9.
Bd2 Be6 10.b4 Ba7 11.Rb1 Rb8 12.h3 Ne7 13.e4 Nd7 14.Kh2 Ng6 15.Qe2 f5 16.
exf5 Bxf5 17.Be3 Bb6 18.Rbe1 Re8 19.Nd2 c6 20.Nde4 Bc7 21.Qh5 Ne7 22.d4 
Bg6 23.Qg4 Kh7 24.d5 Nf5 25.Bd2 Rf8 26.h4 Nd4 27.f4 Bf5 28.Qh5 Qe8 29.Qd1 
Qg6 30.Be3 Bg4 31.Ng5+ hxg5 32.Qxg4 Nf6 33.Qxg5 Qxg5 34.hxg5 Ng4+ 35.Kh3 
Nxe3 36.Rxe3 Nc2 37.Be4+ g6 38.Bxc2 1-0

[Event "POL-ChT3"]
[Site "Lazy POL"]
[Date "2012.09.06"]
[Round "6"]
[White "Janczarski, Michal"]
[Black "Banasik, Krzysztof"]
[Result "1/2-1/2"]
[WhiteElo "2306"]
[BlackElo "2284"]
[EventDate "2012.09.01"]
[PlyCount "81"]

1.d4 d5 2.c4 e6 3.Nc3 Nf6 4.cxd5 exd5 5.Bg5 Be7 6.e3 c6 7.Bd3 Nbd7 8.Qc2 
O-O 9.Nge2 Re8 10.O-O Nf8 11.Rab1 Ne4 12.Bxe7 Qxe7 13.Bxe4 dxe4 14.b4 Bd7 
15.a4 a6 16.a5 Rac8 17.Na4 Rcd8 18.Nc5 Bc8 19.Rbe1 Nd7 20.Nc3 f5 21.Qb3+ 
Kh8 22.Rd1 Nxc5 23.bxc5 Be6 24.Qb4 Qf7 25.Rb1 Re7 26.Rfd1 Bd5 27.Rb2 g5 
28.Qb6 Red7 29.Nxd5 Rxd5 30.Rdb1 R5d7 31.Qa7 f4 32.h3 Kg7 33.d5 cxd5 34.c6
bxc6 35.Qxa6 d4 36.Qxc6 Qf6 37.Qxf6+ Kxf6 38.exd4 Rxd4 39.Re2 R8d6 40.Rb6 
Rxb6 41.axb6 1/2-1/2

[Event "POL-ChT3"]
[Site "Lazy POL"]
[Date "2012.09.06"]
[Round "6"]
[White "Tustanowski, Robert"]
[Black "Chomczyk, Marek"]
[Result "1/2-1/2"]
[WhiteElo "2304"]
[BlackElo "1876"]
[EventDate "2012.09.01"]
[PlyCount "70"]

1.e4 e5 2.Nf3 Nc6 3.Bc4 Bc5 4.c3 Nf6 5.d3 d6 6.Bb3 O-O 7.Nbd2 a6 8.h3 Ba7 
9.O-O Ne7 10.Re1 Ng6 11.Nf1 Nh5 12.Bg5 Qe8 13.Nh4 Ngf4 14.Ne3 h6 15.Bxf4 
Nxf4 16.Nd5 Nxd5 17.Bxd5 c6 18.Bb3 Qe7 19.Qh5 Kh7 20.Nf5 Qf6 21.Rad1 Bxf5 
22.Qxf5+ Qxf5 23.exf5 Rae8 24.Rd2 g6 25.fxg6+ fxg6 26.g3 Rf6 27.Kg2 h5 28.
f4 Kh6 29.fxe5 Rxe5 30.Rxe5 dxe5 31.Bd1 Be3 32.Re2 Bb6 33.h4 Bc7 34.Rd2 g5
35.hxg5+ Kxg5 1/2-1/2

[Event "POL-ChT3"]
[Site "Lazy POL"]
[Date "2012.09.06"]
[Round "6"]
[White "Powalka, Michal"]
[Black "Siekaniec, Jan"]
[Result "1-0"]
[WhiteElo "1767"]
[BlackElo "2159"]
[EventDate "2012.09.01"]
[PlyCount "54"]

1.e4 c5 2.Nf3 d6 3.d4 cxd4 4.Nxd4 Nf6 5.Nc3 a6 6.Bg5 e6 7.f4 Be7 8.Qf3 Qc7
9.O-O-O Nbd7 10.g4 b5 11.Bxf6 Nxf6 12.g5 Nd7 13.f5 Ne5 14.Qg3 b4 15.Nce2 
h6 16.gxh6 gxh6 17.Bh3 Bg5+ 18.Kb1 Bb7 19.fxe6 Bxe4 20.exf7+ Qxf7 21.Rhf1 
Qc7 22.Qb3 Qc4 23.Qa4+ Ke7 24.Be6 Qc5 25.Rf7+ Nxf7 26.Qd7+ Kf6 27.Qxf7+ 
Ke5 1-0

[Event "POL-ChT3"]
[Site "Lazy POL"]
[Date "2012.09.06"]
[Round "6"]
[White "Olszynski, Kazimierz"]
[Black "Kowalec, Maciej"]
[Result "1-0"]
[WhiteElo "2185"]
[BlackElo "1697"]
[EventDate "2012.09.01"]
[PlyCount "79"]

1.e4 e6 2.f4 d5 3.e5 c5 4.Nf3 Nh6 5.Be2 Be7 6.O-O O-O 7.d3 Nc6 8.c3 b6 9.
Na3 Ba6 10.Nc2 Rc8 11.Kh1 Bb7 12.Be3 Nf5 13.Bf2 Nh4 14.Qe1 Nxf3 15.Bxf3 
Qd7 16.Rd1 Rfd8 17.Qe2 d4 18.c4 Bf8 19.Bh4 Be7 20.Be1 Bf8 21.Rb1 Ne7 22.
Bh4 Bxf3 23.Qxf3 Qc6 24.Qg4 Rd7 25.Bxe7 Rxe7 26.b3 Rcc7 27.Ne1 Kh8 28.Nf3 
f5 29.exf6 gxf6 30.Rbe1 f5 31.Qh4 Bg7 32.Re2 Qe8 33.Rfe1 Qg6 34.Qg5 Qf7 
35.Rxe6 Rxe6 36.Qd8+ Qg8 37.Qxg8+ Kxg8 38.Rxe6 Kf7 39.Ng5+ Kg8 40.Re8+ 1-0